000 00374nam a2200133Ia 4500
008 231129s9999||||xx |||||||||||||| ||spa||
020 _a978-958-44-0209-7
040 _bspa
082 _a641.5 S211c
100 _aSánchez Juliao Nhora
245 0 _aLa cocina de Nhora: Más de 1.100 recetas
264 _aPanamericana
942 _2ddc
_cBKS
999 _c16672
_d16672